Hường dẫn dạy nghề cắt may cho thanh thiếu niên, học sinh, sinh viên sau cai nghiện
Sách cung cấp đề cương bài giảng nghề cắt may nhằm giúp cho các giáo vên dạy môn này và các trung tâm Giáo dục thường xuyên hướng nghiệp có tài liệu để có thể dạy nghề cắt may cho các đối tượng sau cai ma tuý...
Na minha lista:
| Autor Corporativo: | |
|---|---|
| Formato: | Livro |
| Idioma: | Undetermined |
| Publicado em: |
Hà Nội
Bộ Giáo dục và Đào tạo
2007
|
| Assuntos: | |
| Tags: |
Adicionar Tag
Sem tags, seja o primeiro a adicionar uma tag!
|
| Thư viện lưu trữ: | Trung tâm Học liệu Trường Đại học Cần Thơ |
|---|
| LEADER | 00973nam a2200193Ia 4500 | ||
|---|---|---|---|
| 001 | CTU_126514 | ||
| 008 | 210402s9999 xx 000 0 und d | ||
| 082 | |a 646.2 | ||
| 082 | |b B450 | ||
| 110 | |a Bộ Giáo dục và Đào tạo | ||
| 245 | 0 | |a Hường dẫn dạy nghề cắt may cho thanh thiếu niên, học sinh, sinh viên sau cai nghiện | |
| 245 | 0 | |c Bộ Giáo dục và Đào tạo | |
| 260 | |a Hà Nội | ||
| 260 | |b Bộ Giáo dục và Đào tạo | ||
| 260 | |c 2007 | ||
| 520 | |a Sách cung cấp đề cương bài giảng nghề cắt may nhằm giúp cho các giáo vên dạy môn này và các trung tâm Giáo dục thường xuyên hướng nghiệp có tài liệu để có thể dạy nghề cắt may cho các đối tượng sau cai ma tuý | ||
| 650 | |a Sewing | ||
| 904 | |i Minh, Huỳnh Mai | ||
| 980 | |a Trung tâm Học liệu Trường Đại học Cần Thơ | ||